| 000 | 00682nam a22001817a 4500 | ||
|---|---|---|---|
| 008 | 170713b xxu||||| |||| 00| 0 eng d | ||
| 020 | _a1-85000-920-1 | ||
| 082 |
_21991 _aDC 370.190941 _bP19 |
||
| 100 |
_921183 _aPaquette, Jerald E., 1946- |
||
| 245 |
_aSocial purpose and schooling : _balternatives, agendas, and issues / _cJerry Paquette |
||
| 260 |
_aLondon : _bFalmer Press, _cc1991. |
||
| 300 |
_ax, 196 pages : _billustrations ; _c25 cm. |
||
| 500 | _aIncludes bibliographical references and index. | ||
| 650 | 0 |
_921184 _aEducation -- Social aspects -- Great Britain |
|
| 650 | 0 |
_921185 _aEducation and state -- Great Britain |
|
| 365 |
_b1,127.00 _cPhp |
||
| 942 |
_2ddc _cDC |
||
| 999 |
_c7008 _d7008 |
||